| 000 | 01163nam a22003497a 4500 | ||
|---|---|---|---|
| 003 | CHAP | ||
| 005 | 20220329135745.0 | ||
| 008 | 971013s1985 r 00010 d | ||
| 010 | _a41579 | ||
| 011 | _a42551 | ||
| 035 | _a46680 | ||
| 040 | _cCHAP | ||
| 082 |
_a720 _bF67 |
||
| 111 | 0 | 0 |
_aForo Interno de Investigación en Arquitectura, Ingeniería, Contaduría y Administración y Economía. _942466 |
| 245 | _aMemoria | ||
| 260 |
_aMéxico, D.F. : _bU.A.E.M., _c1985 |
||
| 300 |
_a477 p. _b: ilus. |
||
| 490 |
_aDocumentos básicos _v; 17 |
||
| 590 |
_aBATCH-UPD _b10 _c20130109 _lUCH01 _h2316 |
||
| 590 |
_aBATCH-UPD _b10 _c20130110 _lUCH01 _h1106 |
||
| 590 |
_aBATCH-UPD _b10 _c20130409 _lUCH01 _h1837 |
||
| 590 |
_aBATCH-UPD _b10 _c20130410 _lUCH01 _h0658 |
||
| 590 |
_aBATCH-UPD _b10 _c20130914 _lUCH01 _h0359 |
||
| 590 |
_aCONVERSION _b10 _c20130109 _lUCH01 _h1323 |
||
| 650 | 1 | 4 |
_aArquitectura. _97364 |
| 650 | 1 | 4 |
_aIngeniería. _958173 |
| 650 | 1 | 4 |
_aMéxico (Edo.) _xCondiciones económicas. _976824 |
| 830 | 0 |
_aDocumentos básicos _v; 17 _933253 |
|
| 901 | _aBK | ||
| 942 | _cLIBRO | ||
| 949 |
_a720 F67 _bBC _cLIBRO _d33724000921292 _eLIBRO _h64148 _i46680 _mD _si |
||
| 999 |
_c41579 _d41579 |
||